| 000 | 01393cam a22003854a 4500 | ||
|---|---|---|---|
| 001 | 12435838 | ||
| 003 | OSt | ||
| 005 | 20140310184341.0 | ||
| 008 | 010608s2002 nyua j 001 0 eng | ||
| 010 | _a 2001037278 | ||
| 020 | _a0516277359 | ||
| 040 |
_aDLC _cDLC _dDLC |
||
| 042 |
_apcc _alcac |
||
| 050 | 0 | 0 |
_aQB 377 _b.C44 2002 |
| 082 | 0 | 0 | _a363.3/49 |
| 100 | 1 |
_aCefrey, Holly. _910215 |
|
| 245 | 1 | 0 |
_aWhat if an asteroid hit earth? _cHolly Cefrey |
| 260 |
_aNew York : _bChildren's Press, _c2002 |
||
| 300 |
_a48 p. : _bcol. ill. ; _c22 cm. |
||
| 490 | 1 | _aWhat if? | |
| 500 | _aIncludes index. | ||
| 520 | _aDiscusses what might happen if an asteroid hit the Earth. | ||
| 521 | _aG5 | ||
| 526 | _c790 | ||
| 562 | _efor dcirculation. 1 copy available in the collection | ||
| 650 | 0 |
_aAsteroids _xCollisions with Earth _xEnvironmental aspects _vJuvenile literature. _924548 |
|
| 650 | 0 |
_aCatastrophes (Geology) _vJuvenile literature. _924549 |
|
| 650 | 1 |
_aAsteroids. _924550 |
|
| 650 | 1 |
_aDisasters. _924551 |
|
| 830 | 0 |
_aWhat if? (Children's Press) _924552 |
|
| 906 |
_a7 _bcbc _corignew _d1 _eocip _f20 _gy-gencatlg |
||
| 942 |
_2lcc _cBK-SCHOLAS |
||
| 999 |
_c33824 _d33824 |
||